000 00317nam a22001457a 4500
008 210609b ||||| |||| 00| 0 eng d
020 _a9780077216092
041 _aeng
080 _211th
_a611
082 _a611
100 _a6
101 _aANA
245 _aHuman Physiology
_cEric P. Widmaier
942 _2udc
_cBK
999 _c58100
_d58100